|
|
|
|
| LEADER |
00000cam a2200000 7i4500 |
| 001 |
0000001018 |
| 005 |
20011023.0 |
| 020 |
0 |
0 |
|a 9798316185
|
| 090 |
0 |
0 |
|a R580
|b TIM 1995
|
| 245 |
0 |
0 |
|a TIMBER trees :
|b Minor commercial timbers
|c editors, R. H. M. J. Lemmens, I. Soerianegara and W. C. Wong
|
| 260 |
0 |
0 |
|a Bogor, Indonesia :
|b PROSEA ,
|c 1995
|
| 300 |
|
|
|a 655 p. :
|b ill., map ;
|c 26 cm.
|
| 440 |
0 |
0 |
|a Plant resources of South-East Asia ; n. 5 (2)
|
| 500 |
0 |
0 |
|a Bibliography : [p. 536-580] and index
|
| 650 |
0 |
0 |
|a Botany, Economic
|z Asia, Southeastern
|
| 650 |
0 |
0 |
|a Trees
|
| 700 |
0 |
1 |
|a Lemmens
|h R. H. M. J.
|
| 700 |
0 |
1 |
|a Soerianegara
|h I.
|
| 700 |
0 |
1 |
|a Wong
|h Wing Chong
|
| 998 |
|
|
|a JPSM
|
| 999 |
|
|
|a 0000002543
|b Monograph
|c Reference
|e Default branch
|